00653nam a2200241Ia 4500008004100000020001800041050001600059050001400075100001900089245003100108245001900139250001600158260001400174260003100188260000900219300001600228300001100244300001200255440004800267500005100315650002100366650002400387160216s9999 xx 000 0 und d a0-13-042811-6 aMAIN QH 431 b.S83 2002 aSudbery, Peter aHuman molecular genetics / cPeter Sudbery. a2nd Edition aEngland : bPearson Education Limited. c2002 a364 pages : bill. ; c24 cm.  aCell and molecular biology in action series aIncludes bibliographical references and index. aHuman genetics.  aMolecular genetics.